header

Competing visions of world order (Record no. 114523)

MARC details
000 -LEADER
fixed length control field 01456nam a2200349 a 4500
082 04 - DEWEY DECIMAL CLASSIFICATION NUMBER
Classification number 327.09/034
245 00 - TITLE STATEMENT
Title Competing visions of world order
260 ## - PUBLICATION, DISTRIBUTION, ETC. (IMPRINT)
Place of publication New York :
Name of publisher Palgrave,
Year of publication 2007.
300 ## - PHYSICAL DESCRIPTION
Number of Pages x, 266 p. :
Other physical details ill.
490 0# - SERIES STATEMENT
Series statement The Palgrave series in transnational history
650 #0 - SUBJECT ADDED ENTRY--TOPICAL TERM
Topical Term World politics
Topical Term World politics
Topical Term International cooperation
Topical Term International cooperation
700 1# - ADDED ENTRY--PERSONAL NAME
Personal name Conrad, Sebastian.
Personal name Sachsenmaier, Dominic.
856 40 - ELECTRONIC LOCATION AND ACCESS
Uniform Resource Identifier http://site.ebrary.com/lib/rucke/Doc?id=10194090

No items available.

© 2026 Rongo University
Contact us: librarian | system librarian | Rongo university